Statistics for Players Who Scored 100 Goals Or More In Premier League

Click here to take the quiz!

General Stats

  • This quiz has been taken 75 times
  • The average score is 25 of 33

Answer Stats

PositionTeamsStill Playing?AnswerGoals% Correct
2Everton, Manchester UnitedNo (2002-2018)Wayne Rooney208
100%
1Backburn Rovers, Newcastle UnitedNo (1992-2006)Alan Shearer260
99%
3Norwich City, Tottenham Hotspur
Yes (2012-2023)
Harry Kane
198
99%
7ArsenalNo (1999-2012)Thierry Henry175
99%
14Leicester CityYes (2014-2023)Jamie Vardy134
96%
5Manchester CityNo (2011-2022)Sergio Aguero184
96%
6West Ham United, Chelsea, Manchester CityNo (1996-2015)Frank Lampard177
93%
32Manchester UnitedNot in England (2003-2009/2022-2023)Cristiano Ronaldo103
91%
13Arsenal, Manchester UnitedNo (2004-2015)Robin Van Persie144
91%
10Liverpool, Newcastle United, Manchester United, Stoke CityNo (1997-2013)Micheal Owen150
88%
15Chelsea, LiverpoolYes (2014-2023)Mohamed Salah127
88%
21LiverpoolNo (1998-2015)Steven Gerrard120
87%
28Aston Villa, Southampton, Liverpool, Portsmouth, Tottenham Hotspur, Stoke City, BurnleyNo (2002-2019)Peter Crouch108
85%
24Southampton, LiverpoolNot in England (2014-2022)Sadio Mané111
85%
23Liverpool, Manchester City, ChelseaYes (2012-2023)Raheem Sterling113
84%
31ChelseaNo (2004-2015)Didier Drogba104
82%
29Manchester UnitedNo (1994-2013)Paul Scholes107
82%
20Chelsea, West Bromwich Albion, Everton, Manchester UnitedNot in England (2011-2022)Romelu Lukaku121
81%
27Manchester UnitedNo (1992-2014)Ryan Giggs109
81%
4Newcastle United, Manchester United, Blackburn Rovers, Fulham, Manchester City, Portsmouth, SunderlandNo (1993-2006)Andy Cole187
75%
9West Ham United, Tottenham Hotspur, Portsmouth, Sunderland, BournemouthNo (2001-2018)Jermaine Defoe162
73%
19Aston Villa, Manchester United, Blackburn Rovers, Birmingham City, SunderlandNo (1992-2009)Dwight Yorke123
66%
18Arsenal, Liverpool, Manchester City, Bolton Wanderers, Chelsea, West Bromwich AlbionNo (1997-2014)Nicolas Anelka125
66%
12Nottingham Forest, Tottenham Hotspur, Manchester United, Portsmouth, West ham UnitedNo (1992-2006)Teddy Sheringham146
66%
8Liverpool, Leeds United, Manchester City, Blackburn RoversNo (1993-2008)Robbie Fowler163
63%
16Leeds United, Chelsea, Middelsbrough, Charlton AthleticNo (1997-2007)Jimmy Floyd Hasselbaink127
61%
11Queens Park Rangers, Newcastle United, Tottenham Hotspur, West Ham United, Leicester City, Bolton WanderersNo (1992-2004)Les Ferdinand149
57%
33SouthamptonNo (1992-2002)Matt Le Tissier100
57%
26Leicester City, Liverpool, Birmingham City, Wigan Athletic, Aston VillaNo (1995-2012)Emile Heskey110
55%
17Coventry City, Leeds United, Tottenham Hotspur, Liverpool, West Ham United, Aston VillaNo (1999-2012)Robbie Keane126
55%
30Ipswich Town, Charlton Athletic, Tottenham Hotspur, Sunderland, Aston Villa, FulhamNo (2001-2014)Darren Bent106
52%
22Arsenal, West Ham UnitedNo (1992-1999)Ian Wright113
51%
25Manchester United, Coventry City, Aston VillaNo (1992-2004)Dion Dublin111
39%

Score Distribution

Percentile by Number Answered

Percent of People with Each Score

Your Score History

You have not taken this quiz